[Event "ESP-ch U14"]
[Site "Salobrena"]
[Date "2020.08.07"]
[Round "8"]
[White "Ribera Veganzones, Serni"]
[Black "Vesga Izeta, Markel"]
[Result "1-0"]
[WhiteElo "1953"]
[BlackElo "1821"]
[PlyCount "125"]
[EventDate "2020.08.03"]
[EventType "swiss"]
[EventRounds "9"]
[EventCountry "ESP"]
[SourceTitle "EXT 2021"]
[Source "ChessBase"]
[SourceDate "2020.10.23"]
[SourceVersion "1"]
[SourceVersionDate "2020.10.23"]
[SourceQuality "1"]

1. e4 c5 2. Nf3 g6 3. c3 d5 4. e5 Bg7 5. d4 Nc6 6. Bb5 Bg4 7. Nbd2 cxd4 8. cxd4 Nh6 9. 0-0 0-0 10. Bxc6 bxc6 11. h3 Bxf3 12. Nxf3 f6 13. exf6 exf6 14. b3 Qd7 15. Ba3 Rfc8 16. Re1 Nf5 17. Qd3 a5 18. g4 Nd6 19. Bxd6 Qxd6 20. Re2 Kf7 21. Rae1 a4 22. bxa4 Rxa4 23. Qb3 Ra7 24. Qb6 Qc7 25. Re7+ Qxe7 26. Rxe7+ Rxe7 27. a4 Rcc7 28. a5 Bf8 29. a6 Red7 30. g5 Be7 31. gxf6 Bxf6 32. Nd2 Be7 33. Nb3 Bd8 34. Nc5 Rc8 35. Qb3 Ra7 36. Qf3+ Bf6 37. Qg4 Re8 38. Kg2 Kg7 39. Qd1 Kf7 40. Qa4 Rc8 41. Nd3 Rca8 42. Nb4 Be7 43. Nxc6 Rxa6 44. Qb3 Ke6 45. Qe3+ Kd7 46. Nxe7 Re8 47. Qb3 Rd6 48. Nxd5 Re4 49. Qb7+ Ke6 50. Nc7+ Kf5 51. d5 Ke5 52. Qb2+ Kf5 53. Qg7 g5 54. Qxh7+ Kf4 55. Qf7+ Ke5 56. Qe7+ Kd4 57. Qxd6 g4 58. Ne6+ Kc3 59. Qa3+ Kd2 60. Qb2+ Ke1 61. Qb1+ Kd2 62. Qxe4 gxh3+ 63. Kxh3 1-0